000 00370nam a22001337a 4500
008 170308b xxu||||| |||| 00| 0 eng d
020 _a0884504549
041 _aeng
080 _a611
100 _a6
101 _aSHM
245 _aPROGRESSIVE CASTING AND APLINTING FOR LOWER EXTREMITY DEFORMITIES IN CHILDREN WITH NEUROMOTOS DYSFUNCTION
_cCUSICK, B.D
942 _2udc
_cBK
999 _c7227
_d7227